00784nam a2200193Ia 4500008004100000020001500041041001200056082001600068100001700084245005600101260003500157300000800192650001600200700002000216942000700236999001500243952016100258952017100419221030s9999 xx 000 0 und d a8121914388 aEnglish a105.23bKan aP. Kandasamy 0aNumerical Methodscby P. Kandasamy, K. Thilagavathy bS. Chand & CoaNew Delhic2002 a527 aBE Computer aK. Thilagavathy cBK c3087d3087 pBE 5028g120.00l0o105.23 Kanr2024-06-13 00:00:00w2022-10-30yBK003Print4071aMIETLIBbMIETLIBcBL-Second, FL-1, CUP-55, SH-3, R-3d2002-05-2110HBE pBE 5029g120.00l0o105.23 Kanr2024-06-13 00:00:00w2022-10-30yBK003Print4070aMIETLIBbMIETLIBcBL-Academic Block C, FL-2, CUP-38, SH-1, R-1d2002-05-2110HBE